10 biggest towns in Tipperary - Statistics

General Stats
  • This quiz has been taken 3 times
  • The average score is 7 of 9
Answer Stats
Answer % Correct
Cahir
100%
Carrick-on-Suir
100%
Clonmel
100%
Tipperary
100%
Cashel
67%
Fethard
67%
Nenagh
67%
Roscrea
67%
Templemore
33%
No matching quizzes found
Score Distribution
Percent of People with Each Score
Percentile by Number Answered
Your Score History
You have not taken this quiz